000 01902cam a2200409 i 4500
999 _c63969
_d63969
001 758010
003 CO-MdFUSB
005 20180622074845.0
008 100810t2010 miua g b 001 0 eng
010 _a 2010029585
020 _a9780802848383 (cloth : alk. paper)
020 _a0802848389 (cloth : alk. paper)
040 _aDLC
_cCO-MdFUSB
_dCO-MdFUSB
_bspa
_erda
041 _aeng
049 _aPTSS
082 0 0 _222
_aG 231.7652
_bC973d
100 1 _aCunningham, Conor,
_d1972-
_eautor
245 1 0 _aDarwin's pious idea
_b: why the ultra-darwinists and creationists both get it wrong
_c/ Conor Cunningham
264 1 _aGrand Rapids, Mich. :
_bWilliam B. Eerdmans Pub.,
_c℗[2010]
264 4 _c©2010
300 _axx, 543 páginas :
_bilustraciones ;
_c24 cm.
336 _2rdacontent
_a1
_ba1
337 _2rdamedia
_a2
_b5
338 _2rdacarrier
_a2
_b5
501 _aIncluye índice (páginas. 523- 543)
505 0 _aIntroducing Darwinism - the received view: disenchantment -- The units of resurrection -- Unnatural selection -- Evolution: making progress? -- Matter over mind: "we have never been modern" -- Naturalizing naturalism: materialism's ghosts -- Another life: "we have never been medieval".
505 0 _aIntroducción al darwinismo, la visión recibida: desencanto -- Las unidades de la resurrección -- Selección antinatural -- Evolución: ¿progresar? -- La materia sobre la mente: "nunca hemos sido modernos" -- Naturalización naturalista: los fantasmas del materialismo -- Otra vida: "nunca hemos sido medievales"
600 1 0 _aDarwin, Charles,
_d1809-1882.
650 7 _aCreacionismo
_9252
653 _aEvolución, biología
653 _aEvolución, biología -- Aspectos religiosos -- Cristianismo
942 _cBK